LEADER 00918nam0-22003371i-450- 001 990003059690403321 005 20101011125229.0 010 $a0-415-08871-2 035 $a000305969 035 $aFED01000305969 035 $a(Aleph)000305969FED01 035 $a000305969 100 $a20030910d1988----km-y0itay50------ba 101 0 $aita 102 $aIT 200 1 $a<>Economic History of India$eFrom Pre-colonial Times to 1991$fDietmar Rothermund. 205 $a2nd ed. 210 $aLondon$aNew York$cRoutledge$d\c\\1988. 215 $a226 p.$d21 cm 610 0 $aIndia$aStoria 676 $aF/1.311 702 1$aRothermund,$bDietmar 801 0$aIT$bUNINA$gRICA$2UNIMARC 901 $aBK 912 $a990003059690403321 952 $aN04.305$b4858$fDECTS 952 $aF/1.311 ROT$b12855$fSES 959 $aDECTS 959 $aSES 996 $aEconomic History of India$9465282 997 $aUNINA LEADER 02068oam 2200541 c 450 001 9910563033503321 005 20250513223445.0 024 7 $a10.3726/b12489 035 $a(CKB)4340000000238723 035 $a(oapen)https://directory.doabooks.org/handle/20.500.12854/26766 035 $a(PH02)9783954792658 035 $a(oapen)doab26766 035 $a(EXLCZ)994340000000238723 100 $a20240525d1982 uy 0 101 0 $ager 135 $aurnnunnnannuu 181 $ctxt$2rdacontent 182 $cc$2rdamedia 183 $acr$2rdacarrier 200 10$aVorläufige Untersuchungen über den bairischen Bulgarenmord von 631/632$fHeinrich Kunstmann 205 $a1st, New ed. 210 $aFrankfurt a.M$cPH02$d1982 215 $a1 online resource (104 p.)$c, EPDF 225 0 $aSlavistische Beitra?ge$v159 300 $aPeter Lang GmbH, Internationaler Verlag der Wissenschaften 311 08$a3-95479-265-6 327 $aDer Tatbestand - Fakten. Spuren. Hypothesen. - Auf der Suche nach dem Tatort - Nachkla?nge im Nibelungenlied - Einige allgemeine Bemerkungen - Bulgarenmord und Burgundenuntergang 330 $aIn der Reihe Slavistische Beitra?ge werden vor allem slavistische Dissertationen des deutschsprachigen Raums sowie vereinzelt auch amerikanische, englische und russische publiziert. Daru?ber hinaus stellt die Reihe ein Forum fu?r Sammelba?nde und Monographien etablierter Wissenschafter/innen dar. 606 $aHistory$2bicssc 610 $abairischen 610 $aBulgarenmord 610 $aBulgarien 610 $aBurgunden 610 $aGeschichte 610 $aKunstmann 610 $aNibelungenlied 610 $aSlavische Sprachwissenschaft 610 $aüber 610 $aUntersuchungen 610 $aVorläufige 615 7$aHistory 700 $aKunstmann$b Heinrich$4aut$01294314 801 0$bPH02 801 1$bPH02 906 $aBOOK 912 $a9910563033503321 996 $aVorla?ufige Untersuchungen u?ber den bairischen Bulgarenmord von 631$94175730 997 $aUNINA